02300nam a22003615i 4500001001800000003000900018005001700027007001500044008004100059020003700100024003500137050001100172072001500183072002300198082001200221100002600233245016000259264006900419300002100488336002600509337002600535338003600561347002400597520112700621650001501748650001501763650002501778710003401803773002001837856004801857912001401905999001901919978-94-6209-272-3DE-He21320140220082946.0cr nn 008mamaa130903s2013 ne | s |||| 0|eng d a97894620927239978-94-6209-272-37 a10.1007/978-94-6209-272-32doi 4aL1-991 7aJN2bicssc 7aEDU0000002bisacsh04a3702231 aMaree, J. G.eauthor.10aCounselling for Career Constructionh[electronic resource] :bConnecting life themes to construct life portraits: Turning pain into hope /cby J. G. Maree. 1aRotterdam :bSensePublishers :bImprint: SensePublishers,c2013. bonline resource. atextbtxt2rdacontent acomputerbc2rdamedia aonline resourcebcr2rdacarrier atext filebPDF2rda aIn this book, career counselling history, best practices as well as contemporary models and methods are brought together. In reflecting on the past, present, and future of career counselling, the story of the postmodern, narrative or career construction approach and the model and methods used to advance careers in the 21st century is told. A meta-reflection concept is proposed, based on career construction principles and practices and aimed at providing an examination of repeated reflection in career counselling. Overall, an attempt is made to craft a text that is not just specifically instructive but also more generally so. Whereas the theory section includes much that is hands-on and practical, the inclusion of narratives in the practice section turns theory into practice. Narratives illustrate the complexity and contextuality of partnering with clients toward (re-)designed lives. Ultimately, the volume aims to demonstrate how Mark Savickas’ counselling for career construction approach can be used by clients to connect life themes in order to construct life portraits under the guidance of counsellors. 0aEducation.14aEducation.24aEducation (general).2 aSpringerLink (Online service)0 tSpringer eBooks40uhttp://dx.doi.org/10.1007/978-94-6209-272-3 aZDB-2-SHU c100086d100086